000 00617nam a22002057a 4500
008 150515b xxu||||| |||| 00| 0 eng d
020 _a9780077316761 (pbk. : alk. paper)
020 _a0077316762 (pbk. : alk. paper)
041 0 _aeng
080 _a339
100 _aFrank, Robert H.
245 _aPrinciples of macroeconomics /
250 _aBrief ed., 2nd ed.
260 _aNew York :
_bMcGraw-Hill Irwin,
_cc2011.
300 _a423 f
_bme il
_c28 cm.
490 _aThe McGraw-Hill series economics
650 0 _aMakroekonomia
700 1 _aBernanke, Ben
942 _2udc
_cBK
999 _c749
_d749